000
00219 a2200109 4500
020
_a
9781472378354
041
_a
spa
100
_a
Wise Brown, Margaret
245
_a
El Globo Aventurero
942
_c
BK
999
_c
19107
_d
19107
999
_d
19107